000 00715nam a22002297a 4500
003 DO-SdBNP
005 20220621113532.0
007 ta
008 210830b 2019 dr 00| 0 eng d
020 _a97845886436
040 _aDO-SdBNP
_bspa
_cBNPHU
082 4 _222
100 1 _aLiranzo Valdez, Miguel,
_d1974-
_978949
245 1 3 _aLa ciguapa de los haitises y otros relatos /
_cMiguel Liranzo ; prólogo Odalís G. Pérez
260 _aSanto Domingo :
_bDil S.R.L. ;
_c2019.
300 _a71 p. ;
_c21 cm.
500 _aIncluye datos biográficos del autor en la solapa de la cubierta
590 _aInventariado, 2021/BT
700 1 _aG. Pérez, Odalís,
_epról.
_979621
910 _aBtavárez
942 _2ddc
_cLBS1
999 _c50314
_d50314